La sed / (Registro nro. 15774)

000 -CABECERA
campo de control de longitud fija 01251nam a22002177a 4500
003 - IDENTIFICADOR DEL NÚMERO DE CONTROL
campo de control OSt
005 - FECHA Y HORA DE LA ÚLTIMA TRANSACCIÓN
campo de control 20250127202547.0
008 - DATOS DE LONGITUD FIJA--INFORMACIÓN GENERAL
campo de control de longitud fija 250127b ||||| |||| 00| 0 spa d
020 ## - NÚMERO INTERNACIONAL ESTÁNDAR DEL LIBRO
Número Internacional Estándar del Libro 9786287591240
040 ## - FUENTE DE LA CATALOGACIÓN
Centro/agencia transcriptor CO-MqBPB
082 ## - NÚMERO DE LA CLASIFICACIÓN DECIMAL DEWEY
Número de clasificación JN
Número de documento/Ítem PATs
100 ## - ENTRADA PRINCIPAL--NOMBRE DE PERSONA
Nombre de persona Patiño, Enrique
Término indicativo de función/relación Autor
245 ## - MENCIÓN DE TÍTULO
Título La sed /
Mención de responsabilidad, etc. Enrique Patiño
250 ## - MENCIÓN DE EDICIÓN
Mención de edición Edición Conmemorativa
Resto de la mención de edición 10 años
264 ## - PRODUCCIÓN, PUBLICACIÓN, DISTRIBUCIÓN, FABRICACIÓN Y COPYRIGHT
Producción, publicación, distribución, fabricación y copyright Bogotá ,
Nombre del de productor, editor, distribuidor, fabricante Editorial Plantea Colombiana S.A:
Fecha de producción, publicación, distribución, fabricación o copyright 2013-2024
300 ## - DESCRIPCIÓN FÍSICA
Extensión 305 paginas:
Otras características físicas Tapa Rustica,
Dimensiones 19 cm
490 ## - MENCIÓN DE SERIE
Mención de serie PlanetaLector
500 ## - NOTA GENERAL
Nota general Reseña del libro "La sed"<br/>Sequía. Miles de desplazados en busca de agua. Un país que colapsa. Las autoridades solo defienden los pocos lugares donde aún hay reservas. Los asaltantes pululan. Un hombre lo perdió todo, trata de sobrevivir a solas en un paisaje árido en el que cada día parece ser el último. De pronto se encuentra con una joven agonizante y para salvarla debe enfrentarse a sus miedos y enemigos. Con esta edición conmemorativa, que material inédito, celebramos los diez años de una novela que retrata un aterrador universo apocalíptico que no está lejos de ocurrir y en la que el autor pone a prueba la condición humana.
650 ## - PUNTO DE ACCESO ADICIONAL DE MATERIA--TÉRMINO DE MATERIA
Fuente del encabezamiento o término Novela
Subdivisión geográfica Colombiana
942 ## - ELEMENTOS DE PUNTO DE ACCESO ADICIONAL (KOHA)
Fuente del sistema de clasificación o colocación
Tipo de ítem Koha Libro Literatura
Existencias
Estado de retiro Estado de pérdida Fuente del sistema de clasificación o colocación Estado dañado No para préstamo Código de colección Localización permanente Ubicación/localización actual Ubicación en estantería Fecha de adquisición Fuente de adquisición Número de inventario Total de préstamos Signatura topográfica completa Código de barras Fecha visto por última vez Número de copia Precio válido a partir de Tipo de ítem Koha Nota pública
          Literatura Juvenil Biblioteca Pública San Juan Bosco Biblioteca Pública San Juan Bosco Literatura 27/01/2025 Compra 2024 NT   JN PATs MOS504038 27/01/2025 Ej. 1 27/01/2025 Libro Literatura Quince dias
          Literatura Juvenil Biblioteca Pública San Juan Bosco Biblioteca Pública San Juan Bosco Literatura 27/01/2025 Compra 2024 NT   JN PATs MOS504039 27/01/2025 Ej. 2 27/01/2025 Libro Literatura Quince dias
          Literatura Juvenil Biblioteca Pública San Juan Bosco Biblioteca Pública San Juan Bosco Literatura 27/01/2025 Compra 2024 NT   JN PATs MOS504040 27/01/2025 Ej. 3 27/01/2025 Libro Literatura Quince dias

© Todos los derechos reservados para la Biblioteca Pública Municipal San Juan Bosco, 2020
Secretaria de Cultura de Mosquera
Carrera 3 N° 10 Esquina Centro Cultural Barrio El Carmén Teléfono: 8270830 Ext: 34
Funcionando con KOHA
Contacto: Biblioteca Pública Municipal San Juan Bosco/ bibliotecasanjuanbosco@mosquera-cundinamarca.gov.co
Mosquera, Cundinamarca